Zbierka úloh z vyššej matematiky
Salvato in:
| Autore principale: | |
|---|---|
| Altri autori: | , |
| Natura: | Libro |
| Lingua: | slovacco |
| Pubblicazione: |
Bratislava
Slovenské vydavateľstvo technickej literatúry
1967
|
| Soggetti: | |
| Tags: |
Nessun Tag, puoi essere il primo ad aggiungerne!!
|
MARC
| LEADER | 00000nam a2200000 4500 | ||
|---|---|---|---|
| 001 | c115764 | ||
| 005 | 20250522111713.6 | ||
| 041 | 0 | |a slo | |
| 044 | |a SK | ||
| 245 | 1 | 0 | |a Zbierka úloh z vyššej matematiky |c Jozef Eliáš, Ján Horváth a Juraj Kajan |
| 264 | 1 | |a Bratislava |b Slovenské vydavateľstvo technickej literatúry |c 1967 | |
| 300 | |a 219 s. | ||
| 610 | 2 | 0 | |a matematika |
| 610 | 2 | 0 | |a školy vysoké |
| 100 | 1 | |a Eliáš, Jozef | |
| 700 | 1 | |a Horváth, Ján | |
| 700 | 1 | |a Kajan, Juraj | |